| 000 | 00550nam a2200205Ia 4500 | ||
|---|---|---|---|
| 003 | IIN | ||
| 005 | 20240105134055.0 | ||
| 008 | 231217s9999 xx 000 0 und d | ||
| 020 |
_cRs.995.00 _a8131503534 |
||
| 040 |
_aIIN _bEnglish |
||
| 082 |
_a612 _bRIZ |
||
| 100 | 1 | _aRizzo, Donald C. | |
| 245 | 1 |
_aFundamentals of Anatomy & Physiology _cDonald C. Rizzo |
|
| 250 | _a2nd ed | ||
| 260 |
_bThomsom _aAustralia _c2007 |
||
| 300 | _axxvi, 518p. | ||
| 650 | 1 |
_aAnatomy _vFundamentals |
|
| 650 | 1 |
_aPhysiology _vFundamentals |
|
| 942 | _cBOOK | ||
| 999 |
_c1493 _d1493 |
||